Clients forever : (Record no. 13371)

000 -LEADER
fixed length control field 00569cam a22001934a 4500
020 ## - INTERNATIONAL STANDARD BOOK NUMBER
ISBN 007140256X (alk. paper)
040 ## - CATALOGING SOURCE
Transcribing agency DLC
082 00 - DEWEY DECIMAL CLASSIFICATION NUMBER
Classification number 658 HIL 2003 A044 Or.
100 1# - MAIN ENTRY--AUTHOR NAME
Personal name Carter, Doug.
245 10 - TITLE STATEMENT
Title Clients forever :
Remainder of title how your clients can build your business for you /
260 ## - PUBLICATION, DISTRIBUTION, ETC. (IMPRINT)
Place of publication New York :
Name of publisher McGraw-Hill,
Year of publication c2003.
300 ## - PHYSICAL DESCRIPTION
Number of Pages vi, 250 p. ;
Dimensions 23 cm.
500 ## - GENERAL NOTE
General note Includes index.
650 #0 - SUBJECT ADDED ENTRY--TOPICAL TERM
Topical Term Selling.
650 #0 - SUBJECT ADDED ENTRY--TOPICAL TERM
Topical Term Customer relations.
700 1# - ADDED ENTRY--PERSONAL NAME
Personal name Green, Jennifer,
856 42 - ELECTRONIC LOCATION AND ACCESS
Uniform Resource Identifier http://www.loc.gov/catdir/bios/mh041/2002153055.html
942 ## - ADDED ENTRY ELEMENTS (KOHA)
Koha item type សៀវភៅភាសាអង់គ្លេស
952 ## - LOCATION AND ITEM INFORMATION (KOHA)
Withdrawn status [LOCAL, KOHA] 0
Holdings
Permanent Location Date acquired Koha item type Lost status Shelving location Barcode Current Location Full call number
Library Block A2017-08-25សៀវភៅភាសាអង់គ្លេស A044A20529Library Block A658 HIL 2003 A044 Or.
មជ្ឈមណ្ឌលឯការនៃសាកលវិទ្យាល័យភូមិន្ទកសិកម្មចំការដូង

Powered by Koha